| 000 | 00647nac a22001931u 4500 | ||
|---|---|---|---|
| 020 | _a8121201438 | ||
| 082 |
_a200.954 _bM4536 |
||
| 090 |
_c3068 _d3068 |
||
| 100 | _aMayhew ,Arthur. | ||
| 245 |
_aChristanity In India / _bArthur Mayhew. |
||
| 260 |
_aDelhi:1988. _bGain Publishing House, _cc.1988. |
||
| 300 |
_a160p.; _b20cm. |
||
| 500 | _aDonations. | ||
| 500 | _aDonations - Dr. Mostafa Gouda. | ||
| 504 | _aIncluding Index. | ||
| 650 | _aChristianity--India. | ||
| 942 |
_cBB _k200.954M4536 |
||
| 999 |
_c3068 _d3068 |
||